000 00485pab a2200169 454500
008 180718b2012 xxu||||| |||| 00| 0 eng d
100 _aCurry, Nigel
245 _aCommunity participation in spatial planning: Exploring relationships between professional and lay stakeholders
260 _c2012
300 _ap.345-366.
362 _aJun
650 _aLocal government
650 _aCommunity participation
773 _aLocal Government Studies
908 _aN
909 _a96945
999 _c96945
_d96945